| 000 | 00839nam a2200217 a 4500 | ||
|---|---|---|---|
| 005 | 20260221063947.0 | ||
| 008 | 030314s2001 es r 000 0 spa d | ||
| 020 | _a8471124432 | ||
| 035 | _aUPN01000122960 | ||
| 049 | _aCG | ||
| 050 | 4 |
_aLB575 C6.6 _bC5.68 |
|
| 100 | 1 |
_aCondorcet, Jean-Antoine-Nicolas de Caritat, _cMarqués de, _d1743-1794 _930332 |
|
| 245 | 1 | 0 |
_aCinco memorias sobre la instrucción pública y otros escritos / _cJean-Antoine-Nicolas de Caritat marqués de Condorcet ; pról. por Narciso de Gabriel. |
| 260 |
_aMadrid : _bMorata, _cc2001. |
||
| 300 | _a338 p. | ||
| 440 | 0 |
_aPedagogía. _pRaíces de la memoria |
|
| 534 |
_pTítulo original: _tCinq mémoires sur l'nstruction publique |
||
| 650 | 4 |
_aEducación _xFilosofía _94994 |
|
| 650 | 4 |
_aEDUCACION - _zFRANCIA - _xHISTORIA - _ySIGLO XVIII _916173 |
|
| 905 | _aLibro | ||
| 999 |
_c95143 _d95143 |
||